[Event "RUS-chT Rapid Men 2018"]
[Site "Sochi"]
[Date "2018.10.08"]
[Round "5"]
[White "Moiseenko, Vadim"]
[Black "Linker, Mikhail"]
[Result "1/2-1/2"]
[WhiteElo "2492"]
[BlackElo "2269"]
[Annotator "TA"]
[PlyCount "137"]
[EventDate "2018.10.05"]
[EventType "swiss"]
[EventCountry "RUS"]
[SourceTitle "playchess.com"]
[Source "ChessBase"]
[SourceQuality "1"]

{[%evp 22,137,4,-5,0,0,0,0,0,0,0,0,0,0,60,57,61,17,63,12,14,14,22,-208,-177,-206,-175,-368,-350,-466,-456,-455,-288,-258,-275,-263,-252,-641,-97,-112,-112,-100,-74,-121,-112,-114,-95,-117,-118,-118,-118,-133,-147,-144,-144,-154,-139,-179,-31,-33,-15,-35,-38,-137,-109,-113,-2,-185,-35,-40,-44,-170,0,-48,0,-2,0,0,0,0,0,-51,0,-134,-2,-14,-29,-29,0,0,0,0,0,0,0,0,0,0,0,0,0,0,0,0,0,0,0,0,0,0,0,0,0,0,0,0,0,0]} 1. Nf3 Nf6 2. b3 b6 3. Bb2 e6 4. g3 Bb7 5. Bg2 c5 6. O-O Be7 7. c4 O-O 8. e3 d5 9. cxd5 Nxd5 10. d4 cxd4 11. Nxd4 Nc6 12. Nd2 Rc8 {A14: English Opening: 1...e6 with b3 by White} (12... Nxd4 13. Bxd4 Rc8 14. Rc1 Qd7 15. Nc4 Rfd8 16. Ne5 Qe8 17. Qe2 f6 18. Nc4 e5 19. Bb2 Bc5 20. Rfd1 {1-0 (31) Stopkin,V (2274)-Savinov,V (2458) Nikolaev 2001}) 13. Ne4 $146 ({Predecessor:} 13. a3 Ba6 14. Re1 Qd7 15. Nxc6 Rxc6 16. Nf3 Rc7 {½-½ (48) Szarvas,S (2225)-Szamos,S (2185) Salgotarjan 1998}) 13... Qd7 14. Nxc6 Bxc6 15. Qg4 {[%csl Gb2][%cal Rg4g7]} g6 $1 {Threatens to win with ...f5.} 16. Qh3 f5 17. Qh6 {[%csl Gb2][%cal Rh6g7]} Bf6 (17... Bb4 $11 18. Ng5 Bc3 19. Bxd5 Bxd5 20. Bxc3 Rxc3) 18. Nxf6+ $14 Nxf6 19. Rfd1 Qg7 20. Qf4 (20. Qxg7+ $14 Kxg7 21. Bxc6 Rxc6 22. Rd7+ Rf7 23. Rad1) 20... Bxg2 $11 21. Kxg2 Rc2 22. Bd4 $2 (22. Bxf6 $11 {and White stays safe.} Qxf6 23. Rac1) 22... Qb7+ $19 23. Kg1 Ng4 24. Rf1 $2 (24. Qd6 e5 25. Bxe5) 24... Qd5 25. h3 e5 26. Qg5 Nxf2 (26... exd4 $2 27. hxg4 d3 28. Qh4 $19) 27. Rxf2 Rxf2 28. Kxf2 exd4 {[%mdl 4096] Endgame KQR-KQR} 29. Qf4 $2 (29. Rc1) 29... dxe3+ $2 (29... Rc8 $19 {has better winning chances. ( -> ...Rc2+)} 30. g4 dxe3+ 31. Kg1 e2) 30. Qxe3 $17 Rc8 31. Re1 Qc5 32. Qxc5 Rxc5 {KR-KR} 33. Re7 Rc2+ 34. Kf3 Rxa2 35. Kf4 h6 $1 36. Rb7 Re2 $1 37. Rxa7 Re4+ $1 38. Kf3 Rb4 39. h4 Rxb3+ (39... g5 $19 40. h5 Rxb3+ 41. Kg2 Rc3 42. Ra8+ Kf7 43. Ra7+ Ke8) 40. Kf4 $15 Rb5 41. Rb7 Kf8 42. Rh7 (42. Rd7 $15) 42... Rc5 $1 $17 43. Rb7 b5 (43... Rc6 $1 $17 {Black wants to play ...Ke8.} 44. h5 gxh5 45. Kxf5 Ke8) 44. Rb8+ $2 (44. Rb6 $1 $11 {and White has nothing to worry.}) 44... Kf7 (44... Ke7 $19 45. Rb6 Kf7) 45. Rb7+ $15 Ke8 46. Rb6 {[#]} Kf7 (46... g5+ $1 $19 47. hxg5 hxg5+ 48. Kxg5 Kd7) 47. Rb7+ Kf8 48. Rb6 Kg7 49. Rb7+ Kg8 (49... Kf6 $11 50. Rb6+ Kf7) 50. Rb8+ Kf7 {aiming for ...Rc4+.} 51. Rb7+ Ke8 ({Black should play} 51... Ke6 $1 $15 52. Rb6+ Kd5 53. Rxg6 h5 54. Kxf5 Kc4+ 55. Kf4 b4) 52. Rb6 $17 {[#]} Rc4+ (52... g5+ $1 $17 53. hxg5 hxg5+ 54. Kxg5 Kd7) 53. Kf3 b4 {And now ...Kd8 would win.} 54. Rxg6 b3 55. Rb6 {The position is equal.} Rc3+ 56. Kf4 Kd7 {Strongly threatening ...Kc7.} 57. Kxf5 Rxg3 {Hoping for ...Kc7.} 58. Rxh6 Kc7 59. Rh7+ Kc6 60. Rh6+ Kc5 61. Rh8 Kc4 62. Rb8 Rd3 63. h5 Rd5+ 64. Kg4 Rb5 65. Rxb5 Kxb5 66. h6 {Intending h7 and mate.} b2 67. h7 b1=Q 68. h8=Q {Qb8+ is the strong threat.} Qe4+ 69. Kg5 {Precision: White = 49%, Black = 36%.} 1/2-1/2

[Event "RUS-chT Rapid Men 2018"]
[Site "Sochi"]
[Date "2018.10.08"]
[Round "5"]
[White "Kozionov, Kirill"]
[Black "Nechaev, Oleg"]
[Result "1-0"]
[WhiteElo "2458"]
[BlackElo "2400"]
[Annotator "ChessBase"]
[PlyCount "87"]
[EventDate "2018.10.05"]
[EventType "swiss"]
[EventCountry "RUS"]
[SourceTitle "playchess.com"]
[Source "ChessBase"]
[SourceQuality "1"]
[TimeControl "900+10"]

1. d4 {[%emt 0:00:00]} Nf6 {[%emt 0:00:00]} 2. c4 {[%emt 0:00:00]} c5 {[%emt 0:00:00]} 3. d5 {[%emt 0:00:00]} b5 {[%emt 0:00:00]} 4. cxb5 {[%emt 0:00:00]} a6 {[%emt 0:00:00]} 5. b6 {[%emt 0:00:00]} g6 {[%emt 0:00:00]} 6. Nc3 {[%emt 0:00:00]} Bg7 {[%emt 0:00:01]} 7. e4 {[%emt 0:00:00]} O-O {[%emt 0:00:02]} 8. Nf3 {[%emt 0:00:02]} d6 {[%emt 0:00:02]} 9. Be2 {[%emt 0:00:41]} Nbd7 {[%emt 0:00:03]} 10. a4 {[%emt 0:00:01]} a5 {[%emt 0:00:01]} 11. O-O {[%emt 0:00:17]} Nxb6 {[%emt 0:00:03]} 12. Bf4 {[%emt 0:00:04]} Ba6 {[%emt 0:00:11]} 13. Rc1 {[%emt 0:00:36]} Qd7 {[%emt 0:01:34]} 14. Bxa6 {[%emt 0:02:44]} Rxa6 {[%emt 0:00:02]} 15. b3 {[%emt 0:00:47]} Ne8 {[%emt 0:00:13]} 16. Re1 {[%emt 0:01:42]} Nc7 {[%emt 0:00:07]} 17. h3 {[%emt 0:00:47]} Rb8 {[%emt 0:00:18]} 18. e5 {[%emt 0:01:13]} Nc8 {[%emt 0:00:41]} 19. Ne4 {[%emt 0:02:10]} Qf5 {[%emt 0:03:50]} 20. Bh2 {[%emt 0:01:14]} Rab6 {[%emt 0:03:58]} 21. Rc3 {[%emt 0:03:09]} Rb4 {[%emt 0:02:41]} 22. g4 {[%emt 0:00:17]} Qd7 {[%emt 0:00:06]} 23. Kg2 {[%emt 0:00:53]} f5 {[%emt 0:01:26]} 24. gxf5 {[%emt 0:00:50]} Qxf5 {[%emt 0:00:10]} 25. Rce3 {[%emt 0:00:35]} dxe5 {[%emt 0:01:22]} 26. Nxc5 {[%emt 0:00:33]} Nd6 {[%emt 0:00:01]} 27. Bxe5 {[%emt 0:00:14]} Bh6 {[%emt 0:00:33]} 28. Rd3 {[%emt 0:00:30]} Rf8 {[%emt 0:00:06]} 29. Bg3 {[%emt 0:00:10]} Bf4 {[%emt 0:01:10]} 30. Rxe7 {[%emt 0:00:08]} Bxg3 {[%emt 0:00:02]} 31. fxg3 {[%emt 0:00:05]} Ne4 {[%emt 0:00:24]} 32. Rxc7 {[%emt 0:00:14]} Nxg3 {[%emt 0:00:28]} 33. Ne6 {[%emt 0:00:19]} Nh5 {[%emt 0:00:07]} 34. Rd4 {[%emt 0:00:13]} Rxd4 {[%emt 0:00:11]} 35. Nexd4 {[%emt 0:00:04]} Nf4+ {[%emt 0:00:04]} 36. Kg1 {[%emt 0:00:07]} Qxh3 {[%emt 0:00:09]} 37. Qf1 {[%emt 0:00:19]} Qg3+ {[%emt 0:00:11]} 38. Kh1 {[%emt 0:00:01]} Nh3 {[%emt 0:00:11]} 39. Rc2 {[%emt 0:00:02]} Ng5 {[%emt 0:00:10]} 40. Qg2 {[%emt 0:00:22]} Qf4 {[%emt 0:00:35]} 41. Qxg5 {[%emt 0:00:07]} Qe4 {[%emt 0:00:01]} 42. Qe5 {[%emt 0:00:16]} Qd3 {[%emt 0:00:07]} 43. Qe6+ {[%emt 0:00:11]} Kg7 {[%emt 0:00:01]} 44. Qe2 {[%emt 0:00:08]} 1-0

[Event "RUS-chT Rapid Men 2018"]
[Site "Sochi"]
[Date "2018.10.08"]
[Round "5"]
[White "Oganian, Miran"]
[Black "Inozemtsev, Sergei"]
[Result "1-0"]
[WhiteElo "2435"]
[BlackElo "2310"]
[Annotator "NA RC"]
[PlyCount "73"]
[EventDate "2018.10.05"]
[EventType "swiss"]
[EventCountry "RUS"]
[SourceTitle "playchess.com"]
[Source "ChessBase"]
[SourceQuality "1"]
[TimeControl "900+10"]

1. d4 {[%emt 0:00:00]} Nf6 {[%emt 0:00:00]} 2. c4 {[%emt 0:00:00]} e6 {[%emt 0:00:00]} 3. g3 {[%emt 0:00:00]} c5 {[%emt 0:00:17]} 4. d5 {[%emt 0:00:00]} exd5 {[%emt 0:01:16]} 5. cxd5 {[%emt 0:00:00]} g6 {[%emt 0:00:11]} 6. Nc3 {[%emt 0:00:00]} Bg7 {[%emt 0:00:03]} 7. Nf3 {[%emt 0:00:00]} O-O {[%emt 0:00:06]} 8. Bg2 {[%emt 0:00:00]} Re8 {[%emt 0:00:20]} 9. O-O {[%emt 0:00:00]} d6 {[%emt 0:00:14]} 10. Bf4 {[%emt 0:00:00]} a6 {[%emt 0:00:11]} 11. a4 {[%emt 0:00:00]} Qc7 {[%emt 0:00:43]} 12. Nd2 {[%emt 0:00:10]} Nh5 {[%emt 0:00:06]} 13. Be3 {[%emt 0:00:19]} Nd7 {[%emt 0:00:03]} 14. Bf3 {[%emt 0:02:08]} Nhf6 {[%emt 0:00:32]} 15. Nc4 {[%emt 0:00:52]} Nb6 {[%emt 0:00:23]} 16. Na3 {[%emt 0:00:22]} Bh3 {[%emt 0:00:15]} 17. Re1 {[%emt 0:00:07]} Nbd7 {[%emt 0:00:22]} 18. Bf4 {[%emt 0:00:41]} Ne5 {[%emt 0:00:31]} 19. Bh1 {[%emt 0:00:39]} h6 {[%emt 0:03:26]} 20. Qc1 {[%emt 0:00:45]} Kh7 {[%emt 0:00:23]} 21. Qc2 {[%emt 0:00:02]} Rab8 {[%emt 0:00:26]} 22. Rad1 {[%emt 0:00:22]} Nfd7 {[%emt 0:01:51]} 23. Bc1 {[%emt 0:00:36]} Nf6 {[%emt 0:00:38]} 24. Bg2 {[%emt 0:00:18]} Bxg2 {[%emt 0:00:05]} 25. Kxg2 {[%emt 0:00:01]} Kg8 {[%emt 0:01:07]} 26. h3 {[%emt 0:00:05]} Re7 {[%emt 0:03:12]} 27. f4 {[%emt 0:00:31]} Ned7 {[%emt 0:00:08]} 28. e4 {[%emt 0:00:06]} Ne8 {[%emt 0:00:07]} 29. b3 {[%emt 0:00:58]} Qd8 {[%emt 0:01:14]} 30. Bb2 {[%emt 0:00:09]} Nb6 {[%emt 0:01:03]} 31. a5 {[%emt 0:00:21]} Nc8 {[%emt 0:00:01]} 32. Nc4 {[%emt 0:00:02]} Na7 {[%emt 0:00:14]} 33. e5 {[%emt 0:00:31]} Kh7 {[%emt 0:00:07]} 34. h4 {[%emt 0:00:10]} Nb5 {[%emt 0:00:05]} 35. Ne4 {[%emt 0:00:10]} Kg8 {[%emt 0:00:49]} 36. h5 {[%emt 0:00:54]} gxh5 {[%emt 0:00:18]} 37. Qe2 {[%emt 0:01:10]} 1-0

[Event "RUS-chT Rapid Men 2018"]
[Site "Sochi"]
[Date "2018.10.08"]
[Round "5"]
[White "Sharafiev, Azat"]
[Black "Indjic, Aleksandar"]
[Result "0-1"]
[WhiteElo "2432"]
[BlackElo "2604"]
[Annotator "TA"]
[PlyCount "130"]
[EventDate "2018.10.05"]
[EventType "swiss"]
[EventCountry "RUS"]
[SourceTitle "playchess.com"]
[Source "ChessBase"]
[SourceQuality "1"]

{[%evp 22,130,43,29,39,0,0,0,4,0,0,-10,-8,-33,-14,-8,-3,-7,4,6,14,0,23,27,15,18,42,40,65,25,65,85,134,114,157,81,81,79,74,53,100,0,88,44,75,0,0,0,0,17,11,15,18,-110,0,-45,-29,-68,-81,-98,-61,-60,0,0,0,-105,-99,-777,-738,-1258,-1274,-1306,-1266,-1297,-1302,-1232,-1153,-29989,-740,-29969,-29970,-29970,-29971,-29993,-29969,-4933,0,0,0,-1190,276,280,29988,29989,29989,101,113,169,186,101,101,101,101,108,122,108,108,16,27,-29970,-29971]} 1. Nf3 c5 2. c4 Nf6 3. Nc3 Nc6 4. d4 cxd4 5. Nxd4 e6 6. a3 Bc5 7. Nb3 Be7 8. e4 b6 9. Be2 Bb7 10. O-O O-O 11. Be3 d6 {A33: Symmetrical English: 2 Nf3 Nf6 3 d4 cxd4 4 Nxd4 e6 5 Nc3 Nc6} 12. Rc1 {LiveBook: 4 Games} (12. Nd4 Ne5 13. f4 Ned7 14. Bf3 Qc7 15. Qe2 Rac8 16. Rac1 Qb8 17. g4 Qa8 18. Bf2 g6 19. g5 {1-0 (88) Timofeev,A (2583)-Sjugirov,S (2663) Yaroslavl 2018}) 12... Rc8 13. f3 Ne5 {The position is equal.} 14. Qd4 $146 ({Predecessor:} 14. Nd2 d5 15. cxd5 exd5 16. exd5 Nxd5 17. Nxd5 Qxd5 {0-1 (42) Khetsuriani,B (2350)-Iotov,V (2519) Kallithea 2008}) 14... Qc7 15. Rfd1 Qb8 16. Kh1 Rfd8 17. Bf1 Ng6 18. Bf2 h5 19. Qe3 h4 20. Nd4 Nh5 21. Rc2 Rc5 22. Qe1 $36 {[%mdl 2048] White is pushing.} Re8 23. Ndb5 a6 24. Nd4 Re5 25. Nde2 Bg5 26. Bd4 Rc8 27. b3 (27. Bxb6 $6 d5 $11) 27... Ra5 28. a4 (28. Bxb6 Rxa3 29. Rb2 Bc6 $11) (28. Na4 $142 Bd8 29. Bxb6 Rxa4 30. Bxd8) 28... Rac5 $16 29. Nc1 Bf6 30. Bf2 Rg5 31. Bxb6 ({White should play} 31. Qd2 $16) 31... d5 (31... h3 $1 $11) 32. Be3 Re5 {[%cal Rd5e4]} 33. Nd3 (33. exd5 exd5 34. cxd5 h3 $11) (33. Bd4 $16) 33... dxe4 $11 34. Nxe5 Bxe5 35. Nxe4 Bxe4 36. fxe4 {Threatens to win with c5.} Bxh2 37. g4 (37. Bd4 $11 {keeps the balance.}) 37... hxg3 (37... Ng3+ $17 38. Kxh2 Nxf1+ 39. Kg1 Ng3) 38. Bg2 Qxb3 39. Rc3 Qxa4 40. c5 Nf6 41. c6 Nh4 (41... Rxc6 $15 42. Ra1 Qb5 43. Rxc6 Qxc6) 42. Rd4 Qa5 {Hoping for ...Rxc6!} 43. Rc1 (43. Qd2 $11) 43... Qh5 $1 $17 44. c7 $2 {[%mdl 8192]} (44. Rd2 $17) 44... Nf3 $1 $19 45. Qf1 Bg1+ 46. Bh3 Bxe3 47. Rd8+ Kh7 48. Rxc8 Ng4 {[%cal Bf6g4,Bg4h2,Bh2f3][%mdl 32]} 49. Kg2 Ng5 (49... Nh4+ $142 50. Kxg3 Nf2 51. Rh8+ Kxh8 52. c8=Q+ Kh7 53. Qh8+ Kxh8 54. Rc8+ Kh7 55. Rh8+ Kxh8 56. Kh2 Qe5+ 57. Kg1 Ng4+ 58. Qf2 Bxf2+ 59. Kh1 Qh2#) 50. Qh1 Nh2 $1 {[%csl Gg5][%cal Rh5h3]} (50... Bxc1 $2 51. Rh8+ $1 {[%mdl 512]} Kxh8 52. c8=Q+ Kh7 53. Bxg4 $18) 51. Rh8+ Kxh8 {[%csl Gg5][%cal Rh5h3]} 52. c8=Q+ Kh7 {[%csl Gg5][%cal Rh5h3]} 53. Bf5+ g6 $2 (53... exf5 $19 54. Qxf5+ g6) 54. Qd1 $11 {Intending Qxh5+ and mate.} (54. Kxg3 $2 gxf5 55. Qxh2 Bf4+ 56. Kxf4 Qxh2+ 57. Ke3 Nxe4 $19) 54... Nhf3 {( -> ...Qh2+)} 55. Bxg6+ $2 {[%mdl 8192]} (55. Qh1 $11 Nh2 56. Qd1 (56. Kxg3 $2 gxf5 57. Qxh2 Bf4+ 58. Kxf4 Qxh2+ 59. Ke3 Nxe4 $19)) 55... Kxg6 $4 {[%mdl 8192]} (55... Qxg6 $19 {and all is fine.} 56. Qh1+ Nh2 57. Qh8+ Kxh8 58. Rc8+ Kh7 59. Rh8+ Kxh8 60. Qa1+ Kh7 61. Qe5 Qh5 62. Qxg5 Qxg5 63. Kh3 g2 64. Kxh2 g1=Q+ 65. Kh3 Qh6#) 56. Qg8+ $18 Kf6 $2 (56... Kh6 $18 57. Qh8+ Nh7 58. Qxf3 Qh2+ 59. Kf1 g2+ 60. Qxg2 Qxg2+ 61. Kxg2 Bxc1) 57. Qdd8+ Ke5 {[#]} 58. Qh8+ $2 (58. Qg7+ $1 {mates} Kxe4 59. Rc4+ Bd4 60. Rxd4+ Ke3 61. Rd3+ Ke4 {[#]} 62. Re3+ $1 {[%mdl 512]} Kxe3 63. Qc3+ Ke4 64. Qdd3+ Kf4 65. Qf6+ Kg4 66. Qc4+ Nd4 67. Qcxd4+ Ne4 68. Qxe4#) 58... Qxh8 $16 59. Qxh8+ Kf4 60. Rf1 (60. Rh1 $18) 60... Bf2 61. Qh5 Kxe4 62. Qg4+ Ke5 63. Ra1 Kf6 64. Qf4+ ({But not} 64. Rxa6 $6 Ne1+ 65. Kf1 Ngf3 $11) ({Better is} 64. Ra3 $16 Nd4 65. Kf1 (65. Rxa6 Nc2 $16)) 64... Kg6 $11 65. Qe4+ $2 {[%mdl 8192]} ({Don't go for} 65. Rxa6 $2 Ne1+ 66. Kf1 g2+ 67. Kxf2 Nd3+ 68. Kxg2 Nxf4+ $19) (65. Ra3 $11 Ne1+ 66. Kf1) 65... Nxe4 {Precision: White = 37%, Black = 42%.} 0-1

[Event "RUS-chT Rapid Men 2018"]
[Site "Sochi"]
[Date "2018.10.08"]
[Round "5"]
[White "Pogromsky, Mikhail"]
[Black "Murzin, Volodar"]
[Result "1-0"]
[WhiteElo "2415"]
[BlackElo "2340"]
[Annotator "TA"]
[PlyCount "67"]
[EventDate "2018.10.05"]
[EventType "swiss"]
[EventCountry "RUS"]
[SourceTitle "playchess.com"]
[Source "ChessBase"]
[SourceQuality "1"]

{[%evp 22,67,63,65,103,93,111,97,95,102,94,111,91,86,159,160,202,202,204,199,305,254,287,251,249,235,491,484,434,177,171,157,492,439,471,470,508,519,643,572,695,679,675,679,672,644,745,736]} 1. Nf3 Nf6 2. c4 g6 3. Nc3 Bg7 4. d4 O-O 5. h3 d6 6. Bg5 {[%cal Bc1g5,Bg5h4,Bh4g3][%mdl 32]} Nbd7 7. e3 e5 8. Be2 c6 9. O-O Qe7 10. Qc2 {E61: King's Indian: Early deviations for White, including Smyslov System} h6 11. Bh4 Re8 12. Rfe1 {LiveBook: 3 Games. White is slightly better.} (12. Rfd1 e4 13. Nd2 g5 14. Bg3 Nf8 15. b4 Ng6 16. d5 cxd5 17. cxd5 Bf5 18. Nc4 Red8 {0-1 (44) Hayrapetyan,H (2503)-Kuzubov,Y (2619) Dubai 2013}) 12... g5 13. Bg3 e4 14. Nd2 Nf8 15. b4 Bf5 16. c5 {aiming for Nc4.} d5 17. b5 Qe6 $146 ({Black should play} 17... h5) ({Predecessor:} 17... g4 18. hxg4 Nxg4 19. bxc6 bxc6 {1-0 (42) Magnier,H (2195)-Crut,A (2164) France 1999}) 18. Nb3 $1 $16 a6 19. bxc6 bxc6 {[#]} 20. Na5 $1 N6d7 (20... g4 $142 21. hxg4 Bxg4) 21. Bd6 Rec8 22. Qa4 Ng6 23. g4 (23. Nxc6 $6 Nxc5 24. Bxc5 (24. dxc5 Bxc3 25. g4 Bxe1 $14) 24... Qxc6) 23... Nh4 $2 (23... Nf6 24. Nxc6 Nxg4 25. hxg4 (25. Bxg4 Bxg4 26. hxg4 Bf8 $18) 25... Bxg4 26. Bxg4 (26. Bxa6 Bf3 $19) 26... Qxg4+ 27. Kf1 Kh7 28. Nxd5 Nh4) 24. gxf5 $18 Nxf5 25. Nxc6 (25. Bg4 $142) 25... Nxd6 26. cxd6 ({Much less strong is} 26. Nxd5 $6 Nf5 $16) 26... Qxd6 $2 {[#]} (26... Bf8 $16 {is tougher.}) 27. Nxd5 $1 {[%mdl 512] White is clearly winning.} Bf8 (27... Qxd5 28. Ne7+) 28. Ncb4 Kg7 29. Bg4 Ra7 30. Rac1 Rb8 31. Nc6 Qxd5 32. Nxa7 Nf6 33. Nc6 Rb2 34. Rc2 {Precision: White = 64%, Black = 28%.} 1-0

[Event "RUS-chT Rapid Men 2018"]
[Site "Sochi"]
[Date "2018.10.08"]
[Round "5"]
[White "Savitskiy, Sergey"]
[Black "Kurbedinov, Ramis"]
[Result "1-0"]
[WhiteElo "2413"]
[BlackElo "2305"]
[Annotator "TA"]
[PlyCount "139"]
[EventDate "2018.10.05"]
[EventType "swiss"]
[EventCountry "RUS"]
[SourceTitle "playchess.com"]
[Source "ChessBase"]
[SourceQuality "1"]

{[%evp 9,139,-8,2,-9,2,2,22,-30,-26,-36,0,0,0,0,0,0,7,14,28,0,10,-24,102,123,116,116,170,168,219,168,184,187,193,189,174,166,157,172,165,89,111,60,58,91,67,-29,-34,-39,-43,-25,-31,-38,-33,-40,-35,-112,-8,-84,-96,-81,-81,-131,-145,-133,-141,-143,-132,-114,-118,-107,-88,-103,-79,-117,-115,-100,-84,-26,-24,-89,264,268,258,248,29969,29970,29969,29969,29969,29968,1391,29969,29969,29970,29970,29971,29971,29971,29965,29964,29980,29981,29981,29982,29982,29983,29983,29981,29981,29982,29982,29983,29983,29984,29988,29983,29983,29984,29984,29982,29981,29981,29981,29982,29983,29983,29983,29984,29984,29985,29985,29986]} 1. e4 g6 2. Nc3 Bg7 3. h4 h5 4. Bc4 (4. d4 c6 5. Nf3 d6 6. Be2 Bg4 7. Ng5 Bxe2 8. Nxe2 e6 9. Be3 Nf6 10. Qd3 Ng4 11. Bd2 Nd7 12. f3 Ngf6 {1-0 (30) Potapov,P (2493)-Anton Guijarro,D (2650) Doha 2016}) 4... d6 5. d3 Nf6 6. Bg5 {B06: Modern Defence} c6 7. Nge2 $146 ({Predecessor:} 7. a4 Nbd7 8. d4 Nh7 9. Be3 Ndf6 10. Qd2 Bd7 {1-0 (35) Ho,S (1636)-Flores,D (1818) San Francisco 2015}) 7... Nbd7 8. Qd2 (8. a4 $142) 8... b5 $11 9. Bb3 Nc5 10. f3 a5 {And now ...a4 would win.} 11. d4 $36 {[%mdl 2048] White is more active.} Nxb3 12. axb3 b4 13. Na4 Ba6 14. O-O-O O-O 15. Nf4 {[%cal Be2f4,Bf4d3,Bd3c5][%mdl 32]} e5 (15... Nh7 $11 {keeps the balance.}) 16. dxe5 $16 dxe5 17. Nd3 Qc7 (17... Qe7 $16) 18. Ndc5 $1 $18 Bb5 (18... Nh7 $142 19. Nxa6 Rxa6) 19. Qd6 Qxd6 20. Rxd6 Nh7 21. Nb6 Ra7 22. c4 bxc3 23. bxc3 Re8 24. Rhd1 (24. Ncd7 $18) 24... Bf8 25. Rd8 (25. c4 $1 $16) 25... Rxd8 $14 26. Rxd8 {Hoping for Bh6.} Nxg5 27. hxg5 (27. Nc8 $14 Ra8 28. Ne7+ Kg7 29. Rxa8 Bxe7 30. c4 Bxc4 31. bxc4 Nxf3 32. gxf3 Bxc5 33. Rxa5) 27... Kg7 $11 28. Rxf8 Kxf8 $15 {[%mdl 4096] Endgame KRB-KNN} 29. c4 Ba6 $1 {White must now prevent ...Ke7.} 30. Nbd7+ $1 Kg7 31. Nxe5 Bc8 32. Kd2 (32. f4 $15) 32... Rc7 (32... f6 $1 $17 {[%cal Rf6e5]} 33. gxf6+ Kxf6) 33. Ke3 (33. f4 $11 {remains equal.}) 33... f6 $17 34. gxf6+ Kxf6 35. Kd4 g5 36. Ned3 h4 37. e5+ Kf5 38. Ne4 Kg6 39. Nd6 Bf5 $1 40. Nc5 Re7 41. Ncb7 g4 42. fxg4 Bxg4 43. Nxa5 c5+ 44. Kd5 {[#]} (44. Ke4 $1 $11) 44... Bf3+ $2 {[%mdl 8192]} (44... Ra7 $1 $17 {[%cal Ra7a5] keeps the pressure on.} 45. Nc6 Ra2) 45. gxf3 $18 {[%cal Bg2f3,Bf3f4][%mdl 32] aiming for Nc6.} h3 {...h2 is the strong threat.} 46. Nc6 ({Don't go for} 46. Kxc5 $2 Rxe5+ 47. Kb6 h2 $19) 46... h2 $2 (46... Rg7 $18) 47. Nxe7+ Kh7 48. Kxc5 h1=Q 49. f4 Qf3 50. Nd5 Qxb3 {White mates.} 51. e6 Qa3+ 52. Kc6 Qa8+ 53. Kd7 Qa4+ 54. Kc7 Qa5+ 55. Kb7 Qd8 56. c5 Qa5 57. e7 Qxc5 58. e8=Q Qxd5+ {[#]} 59. Qc6 $1 Qb3+ 60. Kc7 Kg7 61. f5 Qa3 62. Qd7+ Kh6 63. Qe6+ Kg5 64. Qg6+ Kf4 65. f6 Qa5+ 66. Kd7 Qa4+ 67. Ke7 Qa7+ 68. Kf8 Qb8+ 69. Ne8 Qb4+ 70. Kg8 {Precision: White = 48%, Black = 47%.} 1-0

[Event "RUS-chT Rapid Men 2018"]
[Site "Sochi"]
[Date "2018.10.08"]
[Round "5"]
[White "Sergeyev, Alexander"]
[Black "Papenin, Nikolai"]
[Result "1/2-1/2"]
[WhiteElo "2397"]
[BlackElo "2334"]
[Annotator "NA"]
[PlyCount "90"]
[EventDate "2018.10.05"]
[EventType "swiss"]
[EventCountry "RUS"]
[SourceTitle "playchess.com"]
[Source "ChessBase"]
[SourceQuality "1"]
[TimeControl "900+10"]

1. e4 {[%emt 0:00:02]} e5 {[%emt 0:00:00]} 2. Nf3 {[%emt 0:00:03]} Nc6 {[%emt 0:00:01]} 3. Bb5 {[%emt 0:00:03]} a6 {[%emt 0:00:02]} 4. Bxc6 {[%emt 0:00:03]} dxc6 {[%emt 0:00:01]} 5. O-O {[%emt 0:00:03]} Qd6 {[%emt 0:00:26]} 6. d4 {[%emt 0:01:32]} exd4 {[%emt 0:00:25]} 7. Qxd4 {[%emt 0:00:08]} Bg4 {[%emt 0:01:20]} 8. Be3 {[%emt 0:00:53]} Bxf3 {[%emt 0:01:01]} 9. Qxd6 {[%emt 0:00:10]} cxd6 {[%emt 0:01:24]} 10. gxf3 {[%emt 0:00:01]} O-O-O {[%emt 0:00:31]} 11. Nc3 {[%emt 0:00:09]} Nf6 {[%emt 0:01:32]} 12. Rfd1 {[%emt 0:00:06]} Be7 {[%emt 0:01:42]} 13. Kf1 {[%emt 0:01:34]} Nd7 {[%emt 0:00:32]} 14. Ke2 {[%emt 0:00:36]} Kc7 {[%emt 0:01:15]} 15. Bf4 {[%emt 0:00:26]} g5 {[%emt 0:00:52]} 16. Be3 {[%emt 0:00:10]} f5 {[%emt 0:01:08]} 17. Rg1 {[%emt 0:00:22]} f4 {[%emt 0:01:31]} 18. Bd4 {[%emt 0:00:14]} Rhg8 {[%emt 0:00:23]} 19. Rg2 {[%emt 0:00:50]} Rg6 {[%emt 0:00:13]} 20. Rh1 {[%emt 0:04:17]} Rdg8 {[%emt 0:00:47]} 21. Rg4 {[%emt 0:01:01]} b5 {[%emt 0:01:10]} 22. a3 {[%emt 0:00:38]} Kd8 {[%emt 0:00:58]} 23. Nb1 {[%emt 0:00:36]} h5 {[%emt 0:00:36]} 24. Rg2 {[%emt 0:00:29]} g4 {[%emt 0:00:05]} 25. Rhg1 {[%emt 0:00:06]} Bf6 {[%emt 0:00:27]} 26. c3 {[%emt 0:01:26]} c5 {[%emt 0:00:09]} 27. Bxf6+ {[%emt 0:00:02]} Rxf6 {[%emt 0:00:00]} 28. Nd2 {[%emt 0:00:37]} Ne5 {[%emt 0:00:17]} 29. h3 {[%emt 0:00:09]} Ke7 {[%emt 0:00:25]} 30. hxg4 {[%emt 0:00:10]} hxg4 {[%emt 0:00:02]} 31. Kf1 {[%emt 0:01:02]} Rfg6 {[%emt 0:00:15]} 32. fxg4 {[%emt 0:00:12]} Nxg4 {[%emt 0:00:02]} 33. Ke2 {[%emt 0:00:03]} Kf6 {[%emt 0:00:12]} 34. Nf3 {[%emt 0:00:05]} Ne5 {[%emt 0:00:18]} 35. Rxg6+ {[%emt 0:00:02]} Rxg6 {[%emt 0:00:22]} 36. Rd1 {[%emt 0:00:20]} Ke6 {[%emt 0:00:15]} 37. Nxe5 {[%emt 0:00:09]} dxe5 {[%emt 0:00:13]} 38. Rd8 {[%emt 0:00:08]} Rg1 {[%emt 0:00:13]} 39. Ra8 {[%emt 0:00:03]} Rb1 {[%emt 0:00:07]} 40. Rxa6+ {[%emt 0:00:02]} Kd7 {[%emt 0:00:04]} 41. b4 {[%emt 0:00:01]} Rb2+ {[%emt 0:00:03]} 42. Kf3 {[%emt 0:00:08]} Rb3 {[%emt 0:00:08]} 43. bxc5 {[%emt 0:00:27]} Rxc3+ {[%emt 0:00:01]} 44. Kg4 {[%emt 0:00:01]} Rxc5 {[%emt 0:00:11]} 45. f3 {[%emt 0:00:28]} Rc3 {[%emt 0:00:07]} 1/2-1/2